The Most Recent... United States - Statistics

General Stats
  • This quiz has been taken 18,542 times
    16,433 since last reset
  • The average score is 12 of 20
Answer Stats
The most recent... Year Answer % Correct
State to join the Union 1959 Hawaii
98%
President to resign from office 1974 Richard Nixon
92%
Country to capture U.S. territory 1942 Japan
84%
City other than Washington D.C. to be the capital 1800 Philadelphia
78%
City to suffer > 1,000 deaths in a natural disaster 2005 New Orleans
73%
General to serve as U.S. President 1961 Dwight D. Eisenhower
72%
U.S. city to host the Winter Olympics 2002 Salt Lake City
70%
State to break away from another state 1863 West Virginia
66%
U.S. war against the United Kingdom 1812–1815 War of 1812
63%
American to win a Nobel Peace Prize 2009 Barack Obama
61%
Federal holiday to be added to the calendar 2021 Juneteenth
58%
Branch of service to be added to the U.S. military 2019 Space Force
56%
Volcano to erupt with a level of VE5 or higher 1980 Mount St. Helens
55%
NFL team to move to a new city 2020 Las Vegas Raiders
51%
City to surpass 2 million in population ≈ 2014 Houston
40%
Position to be added to the U.S. cabinet 2003 Homeland Security
36%
Sitcom to be the #1 program on network television 2018 The Big Bang Theory
33%
Country that won an Olympic gold medal in men's basketball OTHER than the U.S. 2004 Argentina
28%
President who was not either a Republican or Democrat 1853 Millard Fillmore
28%
American man to win a singles title at Wimbledon 2000 Pete Sampras
28%
No matching quizzes found
Score Distribution
Percent of People with Each Score
Percentile by Number Answered
Your Score History
You have not taken this quiz since the last reset